000 00421nab a2200145Ia 4500
003 ES-SlBCS
005 20210601125343.0
008 140529s1978 xxu||||| |||| 00| 0 eng d
041 _aeng
100 1 _aTennant, N.
_9157220
245 0 0 _aEntailment and Proofs
_c N. Tennant
650 0 4 _aPruebas
_9128113
773 0 _tProceedings of the Aristotelian Society
_gvol. 79, nº. 1, 1978, págs. 167-190
_wRev837
942 _cAR
999 _c529007
_d529007